Konkurencia je zdravie trhu. Konkurenčné prostredie.
Niekoľko pohľadov na problémy vytvárania konkurenčného prostredia pripravil E. Žitňanský a pracovníci Protimonopolného úradu SR. - Zemanovičová, D. - Ďurišová, V.: Ústava pre trh. Základné tendencie novely zákona o ochrane hospodárskej súťaže. Zemanovičová, D. - Líšková, A.: "Incheba zneužila svoje...
Salvato in:
| Natura: | Capitolo di libro |
|---|---|
| Lingua: | slovacco |
| Soggetti: | |
| Tags: |
Nessun Tag, puoi essere il primo ad aggiungerne!!
|
MARC
| LEADER | 00000naa a2200000 4500 | ||
|---|---|---|---|
| 001 | r013681 | ||
| 005 | 20221205080619.1 | ||
| 041 | 0 | |a slo | |
| 044 | |a SK | ||
| 245 | 1 | 0 | |a Konkurencia je zdravie trhu. |b Konkurenčné prostredie. |
| 520 | |a Niekoľko pohľadov na problémy vytvárania konkurenčného prostredia pripravil E. Žitňanský a pracovníci Protimonopolného úradu SR. - Zemanovičová, D. - Ďurišová, V.: Ústava pre trh. Základné tendencie novely zákona o ochrane hospodárskej súťaže. Zemanovičová, D. - Líšková, A.: "Incheba zneužila svoje monopolné postavenie. Szabó, L. - Banas, M.: Benzínový kartel. Drgoncová J. - Juhár, I.: Prípad káblová televízia. Clyde, P.: Politika súťaže v trhovom hospodárstve. | ||
| 610 | 2 | 0 | |a konkurencia |
| 610 | 2 | 0 | |a Slovensko |
| 610 | 2 | 0 | |a Protimonopolný úrad SR Bratislava |
| 610 | 2 | 0 | |a zákony |
| 610 | 2 | 0 | |a súťaž hospodárska |
| 610 | 2 | 0 | |a monopoly |
| 610 | 2 | 0 | |a hospodárstvo trhové |